000
00340nam a22001457a 4500
008
210302b ||||| |||| 00| 0 eng d
020
_a
0721677312
041
_a
eng
080
_2
3rd
_a
616
082
_a
616
100
_a
9
101
_a
PAT
245
_a
Oral Pathology Clinical Pathologic Correlations
_c
Regezi, J. A
942
_2
udc
_c
BK
999
_c
55547
_d
55547